Operations management : (Record no. 17021)
[ view plain ]
| 000 -LEADER | |
|---|---|
| fixed length control field | 01129cam a22003255i 4500 |
| 001 - CONTROL NUMBER | |
| control field | 16578973 |
| 003 - CONTROL NUMBER IDENTIFIER | |
| control field | EG-ScBUE |
| 005 - DATE AND TIME OF LATEST TRANSACTION | |
| control field | 20191219114221.0 |
| 008 - FIXED-LENGTH DATA ELEMENTS--GENERAL INFORMATION | |
| fixed length control field | 101214t20122012nyua f b 001 0 eng d |
| 020 ## - INTERNATIONAL STANDARD BOOK NUMBER | |
| International Standard Book Number | 0077133013 |
| 020 ## - INTERNATIONAL STANDARD BOOK NUMBER | |
| International Standard Book Number | 9780077133016 |
| 040 ## - CATALOGING SOURCE | |
| Original cataloging agency | EG-ScBUE |
| Language of cataloging | eng |
| Description conventions | rda |
| Transcribing agency | EG-ScBUE |
| Modifying agency | EG-ScBUE |
| 082 04 - DEWEY DECIMAL CLASSIFICATION NUMBER | |
| Classification number | 658.5 |
| Item number | STE |
| Edition number | 22 |
| 100 1# - MAIN ENTRY--PERSONAL NAME | |
| Personal name | Stevenson, William J., |
| Relator term | author. |
| 9 (RLIN) | 30960 |
| 245 10 - TITLE STATEMENT | |
| Title | Operations management : |
| Remainder of title | theory and practice / |
| Statement of responsibility, etc | William J. Stevenson, Saunders College of Business, Rochester Institute of Technology. |
| 250 ## - EDITION STATEMENT | |
| Edition statement | Eleventh edition. |
| 250 ## - EDITION STATEMENT | |
| Edition statement | Global edition. |
| 264 #1 - PUBLICATION, DISTRIBUTION, ETC. (IMPRINT) | |
| Place of publication, distribution, etc | New York : |
| Name of publisher, distributor, etc | McGraw-Hill/Irwin, |
| Date of publication, distribution, etc | [2012] |
| 264 #4 - PUBLICATION, DISTRIBUTION, ETC. (IMPRINT) | |
| Date of publication, distribution, etc | c2012 |
| 300 ## - PHYSICAL DESCRIPTION | |
| Extent | xxxiii, 908 pages : |
| Other physical details | illustrations ; |
| Dimensions | 29 cm. |
| 336 ## - CONTENT TYPE | |
| Content type term | text |
| Content type code | txt |
| Source | rdacontent |
| 337 ## - MEDIA TYPE | |
| Media type term | unmediated |
| Media type code | n |
| Source | rdamedia |
| 338 ## - CARRIER TYPE | |
| Carrier type term | volume |
| Carrier type code | nc |
| Source | rdacarrier |
| 490 0# - SERIES STATEMENT | |
| Series statement | McGraw-Hill/Irwin series in operations and decision sciences |
| 504 ## - BIBLIOGRAPHY, ETC. NOTE | |
| Bibliography, etc | Includes bibliographical references and indexes. |
| 650 #7 - SUBJECT ADDED ENTRY--TOPICAL TERM | |
| Topical term or geographic name as entry element | Production management. |
| Source of heading or term | BUEsh |
| 9 (RLIN) | 30961 |
| 651 ## - SUBJECT ADDED ENTRY--GEOGRAPHIC NAME | |
| Source of heading or term | BUEsh |
| 653 ## - INDEX TERM--UNCONTROLLED | |
| Resource For college | BAEPS, Business Administration |
| Arrived date list | September2012 |
| 942 ## - ADDED ENTRY ELEMENTS (KOHA) | |
| Source of classification or shelving scheme | Dewey Decimal Classification |
| Koha item type | Book - Borrowing |
| Withdrawn status | Lost status | Source of classification or shelving scheme | Damaged status | Not for loan | Collection code | Home library | Current library | Shelving location | Date acquired | Source of acquisition | Cost, normal purchase price | Serial Enumeration / chronology | Total Checkouts | Full call number | Barcode | Date last seen | Date checked out | Koha item type | Total Renewals | Price effective from | Public note | Materials specified (bound volume or other part) | Cost, replacement price |
|---|---|---|---|---|---|---|---|---|---|---|---|---|---|---|---|---|---|---|---|---|---|---|---|
| Dewey Decimal Classification | Baccah | Central Library | Central Library | First floor | 24/09/2012 | Purchase | 190.00 | 3 | 9 | 658.5 STE | 000033268 | 15/07/2025 | 26/11/2013 | NB - Book (Non borrowing) | |||||||||
| Dewey Decimal Classification | Baccah | Central Library | Central Library | First floor | 24/09/2012 | 190.00 | 3 | 21 | 658.5 STE | 000027316 | 15/07/2025 | 19/01/2020 | Book - Borrowing | 70 | 24/09/2012 | ||||||||
| Dewey Decimal Classification | Baccah | Central Library | Central Library | First floor | 24/09/2012 | Purchase | 190.00 | 3 | 9 | 658.5 STE | 000056252 | 24/08/2022 | 08/09/2015 | Book - Borrowing | 144 | replaced with 000027317 | |||||||
| Dewey Decimal Classification | Baccah | Central Library | Central Library | First floor | 24/09/2012 | 190.00 | 3 | 28 | 658.5 STE | 000027318 | 15/07/2025 | 18/01/2020 | Book - Borrowing | 91 | |||||||||
| Lost | Dewey Decimal Classification | Baccah | Central Library | Central Library | First floor | 24/09/2012 | 190.00 | 3 | 7 | 658.5 STE | 000027319 | 07/10/2019 | 19/04/2015 | Book - Borrowing | 52 | 24/09/2012 | Lost In Inventory_18-8-2021 | ||||||
| Lost & Replaced | Dewey Decimal Classification | Baccah | Central Library | Central Library | First floor | 24/09/2012 | Purchase | 190.00 | 3 | 11 | 658.5 STE | 000027320 | 17/11/2019 | 08/12/2014 | Book - Borrowing | 33 | |||||||
| Dewey Decimal Classification | Baccah | Central Library | Central Library | First floor | 24/09/2012 | Purchase | 190.00 | 3 | 26 | 658.5 STE | 000057061 | 15/07/2025 | 09/12/2019 | Book - Borrowing | 139 | Replacment by 000027321 | |||||||
| Dewey Decimal Classification | Baccah | Central Library | Central Library | First floor | 24/09/2012 | 190.00 | 3 | 29 | 658.5 STE | 000027322 | 15/07/2025 | 09/12/2019 | Book - Borrowing | 96 | 24/09/2012 | ||||||||
| Dewey Decimal Classification | Baccah | Central Library | Central Library | First floor | 24/09/2012 | Purchase | 190.00 | 3 | 21 | 658.5 STE | 000042103 | 15/07/2025 | 20/01/2020 | Book - Borrowing | 85 | ||||||||
| Lost | Dewey Decimal Classification | Baccah | Central Library | Central Library | First floor | 25/11/2014 | 260.00 | 9 | 658.5 STE | 000029760 | 06/12/2018 | 26/10/2016 | Book - Borrowing | 37 | Lost_In_Inventory_12-2-2024 | 325.00 |